=LDR 00000nam 2200000 4500 =001 INLIS000000000031716 =005 20130612133754 =008 ***********************************ind** =035 ##$$0010-061300000031716 =041 ##$$a ind =082 ##$$a 398.598 53 =090 ##$$a 398.598 53, Luk r =100 ##$$a LUKMAN, H. Lalu =245 ##$$a Riwayat Arya Banjar Getas, Haji Lalu Lukman; Editor, Lalu Agus Hidayat Lukman =260 ##$$a (s.a) $b (s.l) =300 ##$$a v,58 hlm., 20 cm =650 ##$$a CERITA RAKYAT NTB =700 ##$$a Hidayat, L. Agus =850 ##$$a NBPNMAT